Movies Quiz

Random Movies or Actor Quiz

Two-Timing Superheroes Quiz Stats

 Plays Quiz not verified by Sporcle

Challenge
Share
Tweet
Embed
Score 0/16 Timer 04:00
0 Plays Today
Hint Answer % Correct
Chris EvansCaptain America
99%
Chris EvansThe Human Torch
98.6%
Ben AffleckBatman
97.6%
Ben AffleckDaredevil
95.7%
Ryan ReynoldsThe Green Lantern
95.7%
Samuel L. JacksonNick Fury
94.3%
Hale BerryStorm
91.4%
Michael KeatonBatman
90%
Hint Answer % Correct
Hale BerryCatwoman
89.5%
Nicolas CageGhost Rider
89%
Ryan ReynoldsDeadpool
88.1%
Aaron Taylor-JohnsonQuicksilver
75.2%
Aaron Taylor-JohnsonKick-Ass
73.3%
Michael KeatonBirdman
61.9%
Nicolas CageBig Daddy
40%
Samuel L. JacksonFrozone
26.7%

You're not logged in!

Compare scores with friends on all Sporcle quizzes.
Join for Free
OR
Log In

You Might Also Like...

Show Comments

Extras

Top Quizzes Today


Score Distribution

Your Account Isn't Verified!

In order to create a playlist on Sporcle, you need to verify the email address you used during registration. Go to your Sporcle Settings to finish the process.

Report this User

Report this user for behavior that violates our Community Guidelines.

Details: